banner-ar

REGIONAL ANESTHESIA: AN ATLAS OF ANATOMY AND TECHNIQUES / (Record no. 10285)

MARC details
000 -الفاتح
حقل البيانات ثابتة الطول 00530nam a2200205Ia 4500
008 - عناصر البيانات ثابتة الطول - معلومات عامة
حقل البيانات ثابتة الطول 140319s9999 xx 000 0 eng d
040 ## - مصدر الفهرسة
وكالة الفهرسة الأصلية GCL /
وكالة النسخ GCL
082 04 - رقم تصنيف ديوى العشرى
رقم التصنيف 617.964
رقم المادة H R
100 1# - المدخل الرئيسى - إسم شخصى
الإسم الشخصى HAHN, MARC
245 10 - بيان العنوان
العنوان REGIONAL ANESTHESIA: AN ATLAS OF ANATOMY AND TECHNIQUES /
بيان المسئوليه,etc HAHN, MARC
700 1# - المدخل الاضافى - اسم شخصى
الإسم الشخصى MC QUILLAN, PATRICK
260 ## - PUBLICATION, DISTRIBUTION, ETC. (IMPRINT)
تاريخ النشر أو التوزيع 1995
300 ## - الوصف المادى
التعداد 311 P
650 04 - المدخل الاضافى بالموضوع-مصطلح موضوعى
مصطلح موضوعي ANATOMY
650 04 - المدخل الاضافى بالموضوع-مصطلح موضوعى
مصطلح موضوعي CONDUCTION ANESTHESIA
650 04 - المدخل الاضافى بالموضوع-مصطلح موضوعى
مصطلح موضوعي ATLAS
650 04 - المدخل الاضافى بالموضوع-مصطلح موضوعى
مصطلح موضوعي ANESTHESIA
942 ## - عناصر المدخل الإضافي( كوها)
مصدر التصنيف او مخطط الترفيف Dewey Decimal Classification
Koha [default] item type كتاب
260 ## - PUBLICATION, DISTRIBUTION, ETC. (IMPRINT)
-- [S.N] :
-- MOSBY ،
Holdings
حالة التراجع حالة الفقد حالة تلف ليس للاعارة المكان المؤقت الموقع الحالى تاريخ الاكتساب اجمالي اﻻعارات رقم الطلب الباركود تاريخ اخر مشاهدة تاريخ تفعيل السعر نوع وعاء كوها
        مكتبة القاهرة الكبرى مكتبة القاهرة الكبرى 03/26/2014   617.964\H R 20931 03/26/2014 03/26/2014 كتاب

Powered By

EGPV